Vista normal
Vista MARC
- Feminismo
Entrada Tema o Materia
Número de registros utilizados en: 12
001 - NUMERO DE CONTROL
- Campo de control: 451
003 - IDENTIFICADOR DEL NUMERO DE CONTROL
- Campo de control: CO-MdFUSB
005 - HORA Y FECHA DE LA ULTIMA TRANSACCIÓN
- Campo de control: 20161007121307.0
008 - CAMPO DE LONGITUD FIJA
- Campo fijo de descripción fija: 000504 n anznnbabn||||||||| a ana d
040 ## -
- : CO-MdFUSB
- : CO-MdFUSB
150 ## - ENCABEZAMIENTO DE MATERIA-TEMA
- Téma o Materia: Feminismo
- Subdivisión General: Aspectos religiosos
360 ## - REFERENCIA COMPLEJA DE "VÉASE ADEMÁS" - MATERIA
- Texto explicativo: Puede además subdividirse por nombres de confesiones o religiones. Ej.:
- Encabezamiento hacia el que refiere el envío: Feminismo-Aspectos religiosos-Budismo
550 ## - REFERENCIA DE ENVIO "VEASE ADEMAS" - MATERIA
- Subcampo de control: h
- Encabezamiento temático o nombre geográfico como elemento de entrada: Biblia y feminismo
670 ## - FUENTE EN LA QUE SE LOCALIZARON DATOS
- Cita de la fuente : LCSH
- Información localizada : Feminism-Religious aspects
750 #7 - ASIENTO LIGADO AL ENCABEZAMIENTO - TEMATICO
- Encabezamiento temático : Feminism
- Subdivisión general: Religious aspects
